| Tag |
First Indicator |
Second Indicator |
Subfields |
| LEADER |
00000cam a2200000 a 4500 |
| 001 |
in00001669521 |
| 005 |
20151024205654.0 |
| 008 |
990709s1999 enk b 000 0 eng |
| 010 |
|
|
|a 99073622
|
| 015 |
|
|
|a GBA0-09673
|
| 020 |
|
|
|a 1840141794
|
| 035 |
|
|
|a (OCoLC)ocm43376983
|
| 040 |
|
|
|a DLC
|c DLC
|d UKM
|d IXA
|d UtOrBLW
|
| 049 |
|
|
|a TXAM
|
| 050 |
0 |
0 |
|a HM891
|b . W47 1999
|
| 082 |
0 |
4 |
|a 190
|2 21
|
| 100 |
1 |
|
|a Li, Kit-Man.
|
| 245 |
1 |
0 |
|a Western civilization and its problems :
|b a dialogue between Weber, Elias, and Habermas /
|c Kit-Man Li.
|
| 264 |
|
1 |
|a Aldershot, Hants, England ;
|a Brookfield, Vt. :
|b Ashgate,
|c [1999]
|
| 264 |
|
4 |
|c ©1999
|
| 300 |
|
|
|a vii, 300 pages ;
|c 23 cm.
|
| 336 |
|
|
|a text
|b txt
|2 rdacontent
|
| 337 |
|
|
|a unmediated
|b n
|2 rdamedia
|
| 338 |
|
|
|a volume
|b nc
|2 rdacarrier
|
| 490 |
1 |
|
|a Avebury series in philosophy
|
| 504 |
|
|
|a Includes bibliographical references (pages 283-300).
|
| 600 |
1 |
0 |
|a Weber, Max,
|d 1864-1920
|x Views on Western civilization.
|
| 600 |
1 |
0 |
|a Elias, Norbert,
|d 1897-1990
|x Views on Western civilization.
|
| 600 |
1 |
0 |
|a Habermas, Jürgen
|x Views on Western civilization.
|
| 650 |
|
0 |
|a Progress
|x Philosophy.
|
| 650 |
|
0 |
|a Civilization, Western
|x Philosophy.
|
| 830 |
|
0 |
|a Avebury series in philosophy.
|
| 948 |
|
|
|a cataloged
|b cmulkey
|c 2003/5/7
|d 8:49:49 am
|
| 994 |
|
|
|a E0
|b TXA
|
| 999 |
|
|
|a MARS
|
| 999 |
f |
f |
|s fc03c3ce-387a-3808-b22b-98cba9e42ea5
|i ff1487d5-381d-30f3-b409-113db9144bb9
|t 0
|
| 952 |
f |
f |
|p ric
|a Texas A&M University
|b Rellis Campus
|c Joint Library Facility
|d Remote Storage
|t 0
|e HM891 . W47 1999
|h Library of Congress classification
|i unmediated -- volume
|m A14830063970
|
| 998 |
f |
f |
|a HM891 . W47 1999
|t 0
|l Remote Storage
|